[Event "Saint Affrique op 22nd"]
[Site "Saint Affrique"]
[Date "2014.07.23"]
[Round "6"]
[White "Combes, Angelino"]
[Black "Espiau Dubois, Louis"]
[Result "0-1"]
[WhiteElo "1318"]
[BlackElo "1577"]
[PlyCount "126"]
[EventDate "2014.07.19"]
[EventType "swiss"]
[EventRounds "9"]
[EventCountry "FRA"]
[SourceTitle "CBM 161 Extra"]
[Source "ChessBase"]
[SourceDate "2014.08.29"]
[SourceVersion "1"]
[SourceVersionDate "2014.08.29"]
[SourceQuality "1"]

1. d4 Nf6 2. Nc3 d6 3. e4 g6 4. Bc4 Bg7 5. Nf3 0-0 6. Bf4 Nbd7 7. Qd2 e5 8. dxe5 dxe5 9. Bh6 Nb6 10. Qxd8 Rxd8 11. Bxg7 Kxg7 12. Nxe5 Re8 13. f4 Nxc4 14. Nxc4 Nxe4 15. 0-0 Nxc3 16. bxc3 Re2 17. Rf2 Re4 18. Nd2 Ra4 19. g3 Be6 20. Nb3 Rd8 21. Nc5 Rc4 22. Nxe6+ fxe6 23. Rf3 Rd2 24. Rc1 Kh6 25. Rd3 Re2 26. h3 Kh5 27. Kf1 Rh2 28. h4 Kg4 29. Re1 Rc6 30. Rde3 Rd6 31. Rd3 Rxd3 32. cxd3 Kxg3 33. c4 Kxf4 34. Rb1 b6 35. d4 Rxa2 36. c5 Ra4 37. cxb6 cxb6 38. Rd1 Kg4 39. Rc1 Rxd4 40. Rc7 Kxh4 41. Rxh7+ Kg5 42. Rxa7 Rb4 43. Ke2 Kf4 44. Kd3 Rb1 45. Ra6 g5 46. Kc2 Rb5 47. Ra4+ Kg3 48. Ra3+ Kf2 49. Ra4 Re5 50. Kd3 Kf3 51. Ra1 g4 52. Rf1+ Kg2 53. Ra1 b5 54. Ra2+ Kf3 55. Ra1 g3 56. Rf1+ Kg2 57. Rb1 Kh2 58. Rb2+ g2 59. Kd4 Rf5 60. Re2 Kh1 61. Rxe6 g1Q+ 62. Ke4 Rh5 63. Kf4 Qd4+ 0-1